<?xml version="1.0" encoding="UTF-8"?><?xml-stylesheet type="text/xsl" href="static/style.xsl"?><OAI-PMH xmlns="http://www.openarchives.org/OAI/2.0/" xmlns:xsi="http://www.w3.org/2001/XMLSchema-instance" xsi:schemaLocation="http://www.openarchives.org/OAI/2.0/ http://www.openarchives.org/OAI/2.0/OAI-PMH.xsd"><responseDate>2026-04-17T19:26:10Z</responseDate><request verb="GetRecord" identifier="oai:www.recercat.cat:20.500.12328/1287" metadataPrefix="marc">https://recercat.cat/oai/request</request><GetRecord><record><header><identifier>oai:recercat.cat:20.500.12328/1287</identifier><datestamp>2025-05-16T13:00:04Z</datestamp><setSpec>com_2072_67741</setSpec><setSpec>col_2072_484352</setSpec></header><metadata><record xmlns="http://www.loc.gov/MARC21/slim" xmlns:dcterms="http://purl.org/dc/terms/" xmlns:xsi="http://www.w3.org/2001/XMLSchema-instance" xmlns:doc="http://www.lyncode.com/xoai" xsi:schemaLocation="http://www.loc.gov/MARC21/slim http://www.loc.gov/standards/marcxml/schema/MARC21slim.xsd">
   <leader>00925njm 22002777a 4500</leader>
   <datafield ind2=" " ind1=" " tag="042">
      <subfield code="a">dc</subfield>
   </datafield>
   <datafield ind2=" " ind1=" " tag="720">
      <subfield code="a">Casado Molina, Ana María</subfield>
      <subfield code="e">author</subfield>
   </datafield>
   <datafield ind2=" " ind1=" " tag="720">
      <subfield code="a">Méndiz Noguero, Alfonso</subfield>
      <subfield code="e">author</subfield>
   </datafield>
   <datafield ind2=" " ind1=" " tag="720">
      <subfield code="a">Peláez Sánchez, José Ignacio</subfield>
      <subfield code="e">author</subfield>
   </datafield>
   <datafield ind2=" " ind1=" " tag="260">
      <subfield code="c">2013</subfield>
   </datafield>
   <datafield ind2=" " ind1=" " tag="520">
      <subfield code="a">This paper has two objectives. First, it attempts to show the evolution of companies in the management of intangibles: brand, communication, CSR, etc. Furthermore, it aims to define the current framework of corporate reputation. In the development of the paper, in addition to literature sources, in-depth interviews have been used with executives of pioneer companies in the implementation of corporate reputation. Interviews were also directed specifically towards experts in the management of intangibles. The conclusion is that a holistic management of intangibles is now necessary and proposes an evolution of the Dircom towards a new role: Chief Communication and Reputation Officer or Chief Reputation Officer, as a corporate reputation strategist.</subfield>
   </datafield>
   <datafield ind2=" " ind1=" " tag="520">
      <subfield code="a">Este trabajo tiene un doble objetivo. Por una parte, trata de mostrar la evolución de las empresas en la gestión de intangibles: marca, comunicación, RSC, etc. Por otra, intenta definir el marco actual de la reputación corporativa. En su desarrollo se han utilizado, además de fuentes bibliográficas, entrevistas en profundidad a directivos de empresas pioneras en la implantación de la reputación corporativa y entrevistas focalizadas a expertos en la gestión de intangibles. La conclusión es que actualmente resulta necesaria una gestión holística de los intangibles, y se propone la evolución del Dircom hacia un nuevo rol: el Chief Communication and Reputation Officer o Chief Reputation Officer, como un estratega de la reputación corporativa.</subfield>
   </datafield>
   <datafield ind1="8" ind2=" " tag="024">
      <subfield code="a">Casado Molina, Ana María; Méndiz Noguero, Alfonso; Peláez Sánchez, José Ignacio. «The evolution of Dircom: from communication manager to reputation strategist». Communication &amp; Society, 2013, vol. 26, núm. 1, p. 47-66. Disponible en: &lt;http://dadun.unav.edu/handle/10171/35431>. Fecha de acceso: 06 nov. 2019</subfield>
   </datafield>
   <datafield ind1="8" ind2=" " tag="024">
      <subfield code="a">0214-0039</subfield>
   </datafield>
   <datafield ind1="8" ind2=" " tag="024">
      <subfield code="a">http://hdl.handle.net/20.500.12328/1287</subfield>
   </datafield>
   <datafield tag="653" ind2=" " ind1=" ">
      <subfield code="a">Responsabilidad social de la empresa</subfield>
   </datafield>
   <datafield tag="653" ind2=" " ind1=" ">
      <subfield code="a">Reputación</subfield>
   </datafield>
   <datafield tag="653" ind2=" " ind1=" ">
      <subfield code="a">Empreses--Responsabilitat social</subfield>
   </datafield>
   <datafield tag="653" ind2=" " ind1=" ">
      <subfield code="a">Reputació</subfield>
   </datafield>
   <datafield tag="653" ind2=" " ind1=" ">
      <subfield code="a">Social responsibility of business</subfield>
   </datafield>
   <datafield tag="653" ind2=" " ind1=" ">
      <subfield code="a">Reputation</subfield>
   </datafield>
   <datafield ind2="0" ind1="0" tag="245">
      <subfield code="a">The evolution of Dircom: from communication manager to reputation strategist</subfield>
   </datafield>
</record></metadata></record></GetRecord></OAI-PMH>